| 000 | 00676nam a2200205 a 4500 | ||
|---|---|---|---|
| 001 | 000031466 | ||
| 003 | DO-SdBNP | ||
| 005 | 20210412103244.0 | ||
| 008 | 110627s19uu dr r 000 p spa d | ||
| 040 |
_aDO-SdBNP _bspa _cBNPHU |
||
| 082 |
_aRD861.42 _bP438d |
||
| 100 | 1 |
_aPérez Ortiz, R. _92442 |
|
| 245 | 1 | 0 |
_aDe Erato a Prometeo : _b(Lirismo y tormento) / _cR. Pérez Ortiz ; prólogo P. Landestoy Garrido. |
| 260 |
_aCiudad Trujillo, República Dominicana : _b[s.n.], _c[19--]. |
||
| 300 |
_a145 p. ; _c15 cm. |
||
| 590 | _aInventariado, 2018/ YL | ||
| 700 | 1 |
_aLandestoy Garrido, P., _epról. _957861 |
|
| 910 | _aValidado. Control de calidad MFF | ||
| 942 |
_2ddc _cLBS1 |
||
| 999 |
_c30958 _d30958 |
||